000
00295nam a2200109Ia 4500
008
220204s9999 xx 000 0 und d
082
_a
330.34(540)1997
_b
PAR
245
0
_a
India development report 1997
260
_a
Delhi
_b
Oxford University Press
_c
1997
700
_a
Parikh, Kirti S
942
_c
BK
999
_c
41163
_d
41163